Data analysis & Decision making with Microsoft Excel / (Record no. 7443)
[ view plain ]
| 000 -LEADER | |
|---|---|
| fixed length control field | 01324nac a22003011u 4500 |
| 010 ## - LIBRARY OF CONGRESS CONTROL NUMBER | |
| LC control number | 2002116788 |
| 020 ## - INTERNATIONAL STANDARD BOOK NUMBER | |
| International Standard Book Number | 0324400829 |
| 020 ## - INTERNATIONAL STANDARD BOOK NUMBER | |
| International Standard Book Number | 0324400829 (CD-ROM) |
| 082 00 - DEWEY DECIMAL CLASSIFICATION NUMBER | |
| Classification number | 658.403 |
| Item number | ALB |
| 090 ## - LOCALLY ASSIGNED LC-TYPE CALL NUMBER (OCLC); LOCAL CALL NUMBER (OCLC) | |
| -- | 7443 |
| -- | 7443 |
| 100 ## - MAIN ENTRY--PERSONAL NAME | |
| Personal name | Albright, S. Christian |
| 245 10 - TITLE STATEMENT | |
| Title | Data analysis & Decision making with Microsoft Excel / |
| Statement of responsibility, etc | S. Christian Albright, Wayne L. Winston, Christopher Zappe ; with case studies by Mark Broadie, Peter Kolesar. |
| 250 ## - EDITION STATEMENT | |
| Edition statement | 3rd ed. |
| 260 ## - PUBLICATION, DISTRIBUTION, ETC. (IMPRINT) | |
| Place of publication, distribution, etc | Belmont, CA : |
| Name of publisher, distributor, etc | Thomson/Brooks/Cole,2006 |
| Date of publication, distribution, etc | 2006 |
| 300 ## - PHYSICAL DESCRIPTION | |
| Extent | 1048 p. : |
| Other physical details | ill. ; |
| Dimensions | 27 cm. + |
| Accompanying material | 1 CD-ROM (4 3/4 in.) |
| 500 ## - GENERAL NOTE | |
| General note | distributer: Al-Ahram |
| 500 ## - GENERAL NOTE | |
| General note | CD-ROM includes latest version of Stat Pro and Decision Tools. |
| 504 ## - BIBLIOGRAPHY, ETC. NOTE | |
| Bibliography, etc | Bibliography:(p. 1074-1076) and index. |
| 511 ## - PARTICIPANT OR PERFORMER NOTE | |
| Participant or performer note | catalogued by: Wessam |
| 650 #0 - SUBJECT ADDED ENTRY--TOPICAL TERM | |
| Topical term or geographic name as entry element | Industrial management |
| General subdivision | Statistical methods |
| -- | Computer programs. |
| 650 #0 - SUBJECT ADDED ENTRY--TOPICAL TERM | |
| Topical term or geographic name as entry element | Decision making |
| General subdivision | Computer programs. |
| 700 1# - ADDED ENTRY--PERSONAL NAME | |
| Personal name | Winston, Wayne L. |
| 700 1# - ADDED ENTRY--PERSONAL NAME | |
| Personal name | Zappe, Christopher J. |
| Fuller form of name | (Christopher James), |
| Dates associated with a name | 1961- |
| 700 1# - ADDED ENTRY--PERSONAL NAME | |
| Personal name | Albright, S. Christian. |
| 856 41 - ELECTRONIC LOCATION AND ACCESS | |
| Materials specified | Table of contents |
| Uniform Resource Identifier | <a href="http://www.loc.gov/catdir/toc/fy038/2002116788.html">http://www.loc.gov/catdir/toc/fy038/2002116788.html</a> |
| 942 ## - ADDED ENTRY ELEMENTS (KOHA) | |
| Item type | Book - Borrowing |
| Call number prefix | 658.403ALB |
| Withdrawn status | Item status | Source of classification or shelving scheme | Damaged status | Use restrictions | Not for loan | Home library | Current library | Shelving location | Date acquired | Source of acquisition | Total Checkouts | Full call number | Barcode | Checked out | Date last seen | Date last borrowed | Koha item type | Materials specified (bound volume or other part) |
|---|---|---|---|---|---|---|---|---|---|---|---|---|---|---|---|---|---|---|
| Dewey Decimal Classification | Restricted Access | Not For Loan | Central Library | Central Library | First floor | 24/01/2008 | Purchase | 1 | 658.403 ALB | 000008953 | 30/03/2010 | 09/03/2010 | 09/03/2010 | Book - Borrowing | ||||
| Dewey Decimal Classification | Central Library | Central Library | First floor | 08/02/2014 | Purchase | 1 | 658.403 ALB | 000009777 | 24/08/2022 | CD | DVD - With book | Lost In Inventory_2015-8-23 |